Preddavky na daň a daňový preplatok
Definícia preddavku podľa par. 66 zákona SNR č. 511/1992 Zb. o správe daní a poplatkov a o zmenách v sústave územných finančných orgánov v znení neskorších predpisov. Platenie preddavkov na daň z príjmov fyzických osôb a právnických osôb podľa zákona o daniach z príjmov. Problematika daňového prepla...
Uložené v:
| Médium: | Kapitola |
|---|---|
| Jazyk: | Slovak |
| Predmet: | |
| Tagy: |
Žiadne tagy, Buďte prvý, kto otaguje tento záznam!
|
MARC
| LEADER | 00000naa a2200000 4500 | ||
|---|---|---|---|
| 001 | r035264 | ||
| 005 | 20230926081341.8 | ||
| 041 | 0 | |a slo | |
| 044 | |a SK | ||
| 245 | 1 | 0 | |a Preddavky na daň a daňový preplatok |
| 520 | |a Definícia preddavku podľa par. 66 zákona SNR č. 511/1992 Zb. o správe daní a poplatkov a o zmenách v sústave územných finančných orgánov v znení neskorších predpisov. Platenie preddavkov na daň z príjmov fyzických osôb a právnických osôb podľa zákona o daniach z príjmov. Problematika daňového preplatku podľa zákona o správe daní a poplatkov. Vrátenie preplatku. | ||
| 610 | 2 | 0 | |a preddavky |
| 610 | 2 | 0 | |a daňovníci |
| 610 | 2 | 0 | |a zákony |
| 610 | 2 | 0 | |a dane z príjmov |
| 610 | 2 | 0 | |a osoby fyzické |
| 610 | 2 | 0 | |a osoby právnické |